Responses for show #3891 - Monday, July 2, 2001

Kevin Keach game 4.

Contestants

Dan O'Rourke, an attorney from Fort Walton Beach, Florida

Jeremy Dann, a business consultant & writer from San Francisco, California

Kevin Keach, an operations manager from St. Ann, Missouri (whose 3-day cash winnings total $33,302)

Jeopardy! Round responses

"SON" PRESIDENTS
DIRECTOR DIRECTORY
PLANTS & TREES
BOX-ING
MONDAY NIGHT FOOTBALL
VERBIAGE
    $100 7
William Henry Harrison

Kevin
    $100 15
Carpenter

Jeremy
    $100 28
(buzzer sounds)

Yellow

Jeremy
    $100 12
Barbara Boxer

Kevin
    $100 1
Frank Gifford

Jeremy
    $100 6
To cross

Jeremy
    $200 8
(D: Who is LBJ?)
(Alex: You gave the right president, but "son" had to be included in the response/we needed the full name)

Lyndon B. Johnson

KevinDan
    $200 16
Lynch

Dan
    $200 13
Johnny Cash

Jeremy
    $200 2
Don Meredith

Kevin
    $200 22
(less than a minute now...)

Fleece

Dan
    $300 9
Andrew Jackson

Jeremy
    $300 17
Spielberg Castle

Triple Stumper
    $300 14
Box score

Dan
    $300 3
Al Michaels

Jeremy
    $300 23
(K: What is past tense?)
(D: What is past perfect?)

Passive voice

KevinDan
Triple Stumper
    $400 10
James Madison

Jeremy
    $400 18
(J: What is... (time)?)

Donner (as in Richard) Party

JeremyDan
    $400 27
Lily-of-the-valley

Kevin
    $1,000 20
(D: What is the Box Car Derby?)

Soap Box Derby

Dan
    $400 4
Howard Cosell

Dan
    $400 24
Ooze

Dan
    $500 11
Thomas Jefferson

Kevin
    $500 19
Hitchcock chair

Triple Stumper
    $500 26
the chrysanthemum

Dan
    $500 21
Gore Vidal

Kevin
    $500 5
Boomer Esiason

Kevin
    $500 25
Alter

Triple Stumper

Scores at the first commercial break (after clue 15):

Kevin Jeremy Dan
$1,600 $1,500 $500

Scores at the end of the Jeopardy! Round:

Kevin Jeremy Dan
$2,200 $1,200 $900

Double Jeopardy! Round responses

WOMEN AUTHORS
JACK NICHOLSON
C'EST MONTREAL
IN THE WORKPLACE
MIDDLE NAMES
IT STARTS WITH "ME"
    $200 21
Alice Walker

Jeremy
    $200 1
"Heeere's Johnny!"

Kevin
    $200 16
Kilometers

Jeremy
    $200 6
(Alex: I was trying to identify the 2 staff members who were at the water cooler, & that's why I stumbled on the clue!)

Water cooler

Kevin
    $200 26
Faith

Kevin
    $200 11
"Meathead"

Kevin
    $400 22
Mary Higgins Clark

Triple Stumper
    $400 2
Anjelica Huston

Jeremy
    $400 17
Newspapers

Kevin
    $400 7
Chair

Kevin
    $400 27
(D: What is Paul?)

Pierpont

JeremyDan
    $400 12
Mea culpa

Kevin
    $600 23
Sue Grafton

Dan
    $800 3
Easy Rider

Jeremy
    $600 18
Leonardo da Vinci

Dan
    $600 8
Teleconference

Jeremy
    $600 28
Marshall

Kevin
    $600 13
Meteors

Kevin
    $1,500 24
(Alex: A minute left, & we have a 3-way tie.)

Pearl S. Buck

Dan
    $800 4
Jimmy Hoffa

Jeremy
    $800 19
Just For Laughs

Jeremy
    $800 9
Downsizing

Jeremy
    $800 29
(buzzer sounds)

Estes

Dan
    $800 14
Meandering

Jeremy
    $1000 25
Patricia Cornwell

Triple Stumper
    $1000 5
Randle P. McMurphy

Dan
    $1000 20
(J: Who was Champlain?)

Jacques Cartier

KevinJeremy
    $1000 10
Diversity training

Triple Stumper
    $1000 15
Meshach

Dan

Scores at the end of the Double Jeopardy! Round:

Kevin Jeremy Dan
$6,400 $6,000 $6,000

[wagering suggestions for these scores]

Final Jeopardy! Round responses

EUROPEAN CITIES
DanWhat is Belfast
$6,000
JeremyWhat is Belfast?
$6,000
KevinWhat is Belfast?
$5,601
Belfast

Final scores:

Kevin Jeremy Dan
$12,001 $12,000 $12,000
4-day champion: $45,303 2nd place: Trip to Maruba Resort Jungle Spa, Belize 3rd place: IKEA Shopping Spree

Game dynamics:

Coryat scores:

Kevin Jeremy Dan
$6,400 $5,800 $6,300
18 R,
1 W
18 R
(including 1 DD),
2 W
13 R
(including 1 DD),
4 W
(including 1 DD)

Combined Coryat: $18,500

The J! Archive is created by fans, for fans. The Jeopardy! game show and all elements thereof, including but not limited to copyright and trademark thereto, are the property of Jeopardy Productions, Inc. and are protected under law. This website is not affiliated with, sponsored by, or operated by Jeopardy Productions, Inc. Join the discussion at JBoard.tv.